| 000 | 00389nam a2200157Ia 4500 | ||
|---|---|---|---|
| 008 | 191201s2019 xx 000 0 und d | ||
| 020 | _a9788131531679 | ||
| 082 | _a658.5 CUO | ||
| 100 | _aCUMMINGS, Thomas G | ||
| 245 | 0 | _aOrganization Development and Change | |
| 260 |
_bCengage Learning _c2019 |
||
| 300 | _a810 | ||
| 650 | _aMBA | ||
| 700 | _aWORLEY,Christopher G | ||
| 942 |
_2ddc _cBK |
||
| 999 |
_c6929 _d6929 |
||